000 00782nam a2200217 i 4500
001 46507
003 ES-MaACL
005 20251003063058.0
007 t|
008 030331s1964 an ||||1| spa d
100 1 _aCongar, Yves,
_d1904-1995
_940170
245 1 3 _aLa tradición y la vida de la Iglesia /
_cYves M. J. Congar ; [versión española de Fedérico Revilla].
260 _aAndorra :
_bCasal y Vall,
_c[1964]
300 _a152 p. ;
_c19 cm.
490 1 _aYo sé, yo creo : enciclopedia del católico en el siglo XX
650 7 _aTradición (Teología)
_2embne
_9146606
700 1 _aRevilla, Federico.
_996429
830 0 0 _aYo sé, yo creo: enciclopedia del católico del siglo XX
_9186579
852 _aES-MaACL
_jC-26895
_bR.55415
999 _c46507
_d46507